MARC details
| 000 -LEADER |
| fixed length control field |
00735nam a2200253Ia 4500 |
| 003 - CONTROL NUMBER IDENTIFIER |
| control field |
LK-CoDNM |
| 005 - DATE AND TIME OF LATEST TRANSACTION |
| control field |
20241002143803.0 |
| 008 - FIXED-LENGTH DATA ELEMENTS--GENERAL INFORMATION |
| fixed length control field |
010623t1969 xxu||||| |||| 00| 1 eng d |
| 040 ## - CATALOGING SOURCE |
| Original cataloging agency |
LK-CoDNM |
| Modifying agency |
LK-CoDNM |
| Description conventions |
LK-CoDNM |
| 041 ## - LANGUAGE CODE |
| Language code of text/sound track or separate title |
English |
| 080 ## - UNIVERSAL DECIMAL CLASSIFICATION NUMBER |
| Universal Decimal Classification number |
104 |
| Item number |
KK20 |
| 942 ## - ADDED ENTRY ELEMENTS (KOHA) |
| Koha item type |
Books |
| 100 ## - MAIN ENTRY--PERSONAL NAME |
| Personal name |
Bell,H.C.P |
| 245 ## - TITLE STATEMENT |
| Title |
Archaeological Survey of Ceylon |
| Remainder of title |
North-Central ,Central, and Central Provinces |
| 260 ## - PUBLICATION, DISTRIBUTION, ETC. (IMPRINT) |
| Name of publisher, distributor, etc. |
J.A.Skeen, Government Printers |
| Place of publication, distribution, etc. |
Colombo |
| Date of publication, distribution, etc. |
1910 |
| 300 ## - PHYSICAL DESCRIPTION |
| Other physical details |
27p. : ill , ill , map ; 20 cm |
| 490 ## - SERIES STATEMENT |
| Volume/sequential designation |
Vol VIII |
| 650 ## - SUBJECT ADDED ENTRY--TOPICAL TERM |
| Topical term or geographic name as entry element |
104 KK20 |
| 650 ## - SUBJECT ADDED ENTRY--TOPICAL TERM |
| Topical term or geographic name as entry element |
English |
| 650 ## - SUBJECT ADDED ENTRY--TOPICAL TERM |
| Topical term or geographic name as entry element |
Bell,H.C.P |
| 650 ## - SUBJECT ADDED ENTRY--TOPICAL TERM |
| Topical term or geographic name as entry element |
Archaeological Survey of Ceylon |
| 650 ## - SUBJECT ADDED ENTRY--TOPICAL TERM |
| Topical term or geographic name as entry element |
North-Central ,Central, and Central Provinces |
| 650 ## - SUBJECT ADDED ENTRY--TOPICAL TERM |
| Topical term or geographic name as entry element |
1910 |